| 000 | 01019nam a2200241 a 4500 | ||
|---|---|---|---|
| 001 | BRCA_1736 | ||
| 005 | 20190320203528.0 | ||
| 008 | 970821s1996 mx-a---##b---#001-0#spa-d | ||
| 020 | _a9687009497 | ||
| 040 |
_aFKS _cFKS _dDLC |
||
| 050 | 4 |
_aZ740.B49 _b.B53 1996 |
|
| 245 | 1 | 0 |
_aLas joyas bibliográficas de la Universidad Autónoma ´Benito Juárez´ de Oaxaca _bla Biblioteca Francisco de Burgoa _cMa. Isabel Grañén Porrúa ... [et al.]. |
| 260 |
_aMéxico _bFomento Cultural Banamex _c1996 |
||
| 300 |
_a117 p. _bil. algunas a color _c31 cm. |
||
| 500 | _aCatálogo de la exposición realizada en el Instituto de Artes Gráficas de Oaxaca (México), abril 1996 | ||
| 500 | _aIncluye índice de autores y obras anónimas | ||
| 504 | _aBibliografía : p. 109-110 | ||
| 610 | 2 | 4 |
_aBiblioteca Francisco de Burgoa _vExposiciones _95418 |
| 650 | 1 | 4 |
_aLibros raros _vBibliografía _zMéxico _95419 |
| 653 | 0 | _aColección Universidad Autónoma de Oaxaca | |
| 700 | 1 |
_aGrañén Porrúa, Ma. Isabel _95420 |
|
| 942 |
_2lcc _cB |
||
| 999 |
_c1521 _d1521 |
||